[Event "CRO-chT2 East"]
[Site "Osijek"]
[Date "2013.10.27"]
[Round "10.51"]
[White "Rosic, Slavko S"]
[Black "Masirevic, Milenko"]
[Result "1-0"]
[WhiteElo "2273"]
[BlackElo "1857"]
[PlyCount "73"]
[EventDate "2013.04.20"]
[EventType "team-tourn"]
[EventRounds "11"]
[EventCountry "CRO"]
[SourceTitle "EXT 2023"]
[Source "ChessBase"]
[SourceDate "2022.10.05"]
[SourceVersion "1"]
[SourceVersionDate "2022.10.05"]
[SourceQuality "1"]

1. e4 c5 2. Nf3 Nc6 3. d4 cxd4 4. Nxd4 d6 5. Nc3 Nf6 6. Bg5 e6 7. Qd2 a6 8. 0-0-0 Bd7 9. f3 h6 10. Be3 Be7 11. g4 Nxd4 12. Qxd4 Qc7 13. h4 0-0-0 14. Qb4 Bc6 15. Bb6 d5 16. Bxc7 Bxb4 17. Bxd8 Bxc3 18. Bxf6 Bxf6 19. Bd3 Kc7 20. a3 Be5 21. exd5 Bxd5 22. Be4 Bc4 23. Kb1 g6 24. h5 g5 25. a4 a5 26. b3 Ba6 27. Bd3 Bxd3 28. Rxd3 Re8 29. Rhd1 Re7 30. c3 b6 31. Kc2 Bg7 32. b4 axb4 33. cxb4 Kc8 34. b5 Rc7+ 35. Kb3 Be5 36. Rd8+ Kb7 37. R1d7 1-0

[Event "CRO-chT2 East"]
[Site "Osijek"]
[Date "2013.10.13"]
[Round "9.31"]
[White "Masirevic, Milenko"]
[Black "Opacak, Mato"]
[Result "1/2-1/2"]
[WhiteElo "1857"]
[BlackElo "1965"]
[PlyCount "88"]
[EventDate "2013.04.20"]
[EventType "team-tourn"]
[EventRounds "11"]
[EventCountry "CRO"]
[SourceTitle "EXT 2023"]
[Source "ChessBase"]
[SourceDate "2022.10.05"]
[SourceVersion "1"]
[SourceVersionDate "2022.10.05"]
[SourceQuality "1"]

1. e4 d6 2. d4 g6 3. Nf3 Bg7 4. c3 Nf6 5. Bd3 a6 6. 0-0 b5 7. a3 Bb7 8. Re1 0-0 9. e5 dxe5 10. Nxe5 Nbd7 11. Bf4 Nh5 12. Nxd7 Qxd7 13. Bg3 Rad8 14. Qe2 Nxg3 15. hxg3 e5 16. Nd2 exd4 17. c4 Rfe8 18. Qf1 c6 19. Rac1 f5 20. Rxe8+ Rxe8 21. Re1 Rxe1 22. Qxe1 c5 23. Qe2 Bc6 24. Nb3 Bf8 25. Qe5 Qd6 26. Qe2 bxc4 27. Bxc4+ Bd5 28. Nd2 Kg7 29. Bxa6 Qe6 30. Qxe6 Bxe6 31. Bc4 Kf6 32. Kf1 Bxc4+ 33. Nxc4 Ke6 34. Ke2 Kd5 35. Kd3 Be7 36. b3 h5 37. Nd2 h4 38. gxh4 Bxh4 39. f3 Bg5 40. Nc4 Bf6 41. Nb6+ Kc6 42. Nc4 Kb5 43. Nd6+ Kc6 44. Nc4 Kd5 1/2-1/2

[Event "CRO-chT2 East"]
[Site "Osijek"]
[Date "2013.10.12"]
[Round "7.41"]
[White "Masirevic, Milenko"]
[Black "Goric, Esad"]
[Result "0-1"]
[WhiteElo "1857"]
[BlackElo "2340"]
[PlyCount "106"]
[EventDate "2013.04.20"]
[EventType "team-tourn"]
[EventRounds "11"]
[EventCountry "CRO"]
[SourceTitle "EXT 2023"]
[Source "ChessBase"]
[SourceDate "2022.10.05"]
[SourceVersion "1"]
[SourceVersionDate "2022.10.05"]
[SourceQuality "1"]

1. e4 c5 2. Nf3 g6 3. c3 d5 4. exd5 Qxd5 5. d4 Nf6 6. Bb5+ Bd7 7. Bxd7+ Nbxd7 8. 0-0 Bg7 9. dxc5 Nxc5 10. Be3 Qxd1 11. Rxd1 Ne6 12. Nd4 Nc7 13. Na3 Ncd5 14. Bg5 0-0 15. Bxf6 Bxf6 16. Nac2 Rfd8 17. Nf3 Nb6 18. Ne3 Na4 19. Rxd8+ Rxd8 20. Rb1 Rd6 21. Kf1 b5 22. h3 Kf8 23. c4 a6 24. cxb5 axb5 25. Nd1 b4 26. Ke2 Ra6 27. a3 bxa3 28. bxa3 Nc5 29. Rb5 Ne4 30. Rb8+ Kg7 31. Rb4 Nc5 32. Rb5 Ne6 33. Rb3 Nf4+ 34. Kf1 e6 35. h4 h6 36. g3 Nd5 37. Ke2 Be7 38. Ne3 Nxe3 39. Kxe3 Bxa3 40. Rb7 Bc5+ 41. Ke4 Bxf2 42. Ne5 Ra7 43. Rxa7 Bxa7 44. g4 f5+ 45. gxf5 gxf5+ 46. Kf3 Bb8 47. Nc6 Bd6 48. Nd4 Kf6 49. Ne2 e5 50. Nc3 Ke6 51. Ke3 h5 52. Kf3 Bb4 53. Ne2 Be1 0-1

[Event "CRO-chT2c"]
[Site "Croatia"]
[Date "2009.11.08"]
[Round "10"]
[White "Stipandic, Marko"]
[Black "Masirevic, Milenko"]
[Result "1-0"]
[WhiteElo "2087"]
[BlackElo "1860"]
[PlyCount "97"]
[EventDate "2009.04.04"]
[EventType "team-tourn"]
[EventRounds "11"]
[EventCountry "CRO"]
[SourceTitle "EXT 2011"]
[Source "ChessBase"]
[SourceDate "2010.11.26"]
[SourceVersion "1"]
[SourceVersionDate "2010.11.26"]
[SourceQuality "1"]

1. Nf3 c5 2. c4 Nc6 3. Nc3 g6 4. g3 Bg7 5. Bg2 Nf6 6. 0-0 0-0 7. d3 d6 8. Rb1 a6 9. Bg5 Rb8 10. Qd2 Bg4 11. h3 Bxf3 12. Bxf3 Nd4 13. Bg2 b5 14. Rfe1 Ne6 15. Bh6 Nd7 16. Bxg7 Kxg7 17. Nd5 b4 18. f4 Nc7 19. e4 e5 20. f5 Nxd5 21. cxd5 a5 22. Rf1 g5 23. f6+ Kg6 24. Rf5 h6 25. Qf2 Kh7 26. h4 Rg8 27. hxg5 Rg6 28. Bh3 Qe8 29. Bg4 Rd8 30. Bh5 Rg8 31. g6+ Rxg6 32. Bxg6+ fxg6 33. f7 Qe7 34. Rf3 Rf8 35. Kg2 Kg7 36. Rh1 g5 37. Rf1 Kg6 38. Rf5 Kg7 39. Qe2 Rh8 40. Qh5 Nf8 41. Qg4 Qd8 42. Qf3 Qe7 43. Rf6 Qd8 44. Qf5 Qe7 45. Kh3 Qc7 46. Kg4 Qd8 47. Kh5 Qc7 48. Re6 Nxe6 49. Qf6+ 1-0

[Event "CRO-chT2c"]
[Site "Croatia"]
[Date "2009.05.03"]
[Round "6"]
[White "Martinovic, Slobodan"]
[Black "Masirevic, Milenko"]
[Result "1-0"]
[WhiteElo "2472"]
[BlackElo "1867"]
[PlyCount "56"]
[EventDate "2009.04.04"]
[EventType "team-tourn"]
[EventRounds "11"]
[EventCountry "CRO"]
[SourceTitle "EXT 2010"]
[Source "ChessBase"]
[SourceDate "2010.11.25"]
[SourceVersion "1"]
[SourceVersionDate "2010.11.25"]
[SourceQuality "1"]

1. e4 c5 2. Nf3 Nc6 3. Bb5 a6 4. Bxc6 bxc6 5. 0-0 Nf6 6. Re1 g6 7. e5 Nd5 8. c4 Nc7 9. d4 cxd4 10. Qxd4 Bg7 11. Qh4 Ne6 12. Bh6 0-0 13. Nc3 f6 14. Bxg7 Kxg7 15. Rad1 Rf7 16. Ne4 h6 17. exf6+ exf6 18. Nd6 Rf8 19. Qg3 Kh7 20. Nd4 Ng7 21. Qa3 Rg8 22. Rd3 a5 23. Rh3 Qb6 24. Qe3 h5 25. Rf3 c5 26. N4b5 f5 27. Qd2 Ne6 28. Nf7 Ng7 1-0